000 00549nam a2200193 i 4500
001 86914
003 ES-MaACL
005 20230906175542.0
007 t|
008 041216s1976 sp ||||1| spa d
100 1 _aKolosimo, Peter.
_968530
245 1 0 _aCiudadanos de las tinieblas /
_cPeter Kolosimo ; [traducción de Juan Moreno].
250 _a[2ª ed.].
260 _a[Barcelona] :
_bPlaza Janés,
_c[1976]
300 _a248 p. ;
_c22 cm.
700 1 _aMoreno, Juan.
_9182367
852 _aES-MaACL
_jA-5916
_bR.94764
999 _c86914
_d86914